00587nam a2200193 a 4500001001000000003000500010005001700015008004100032010001100073011001100084020001800095040000900113245010700122260003800229300002900267650002500296650002300321700004900344000116303CHAP20220329144609.0191112s2019 mx |s ||||||spa d a112764 a113736 a9786071205476 cCHAP10aPoética :h[Disco compacto]bcrear... cavilar /ccoordinado por José Alfredo Castellanos Suárez. aChapingo, Méx. :bUACH.,c2019. a1 CD ROM ;c4 3/4 plg. .14aLiteratura mexicana.14aPoesía mexicana.0 aCastellanos Suárez, José Alfredoecoord.